000 00457nam a2200181Ia 4500
003 GCL
008 140319s9999 xx 000 0 eng d
040 _aGCL /
_cGCL
082 0 4 _a796.01
_bS S
100 1 _aSTUER, WILLAM
245 1 0 _aSUCCESSFUL SPORT FUND - RAISING /
_cSTUER, WILLAM
260 _a[S.N] :
_bWCB BROWN & BENCHANARK ،
_c1994
300 _a271 P P
650 0 4 _aGAMES
650 0 4 _aORGANIZATION
650 0 4 _aSPORTS
942 _2ddc
_cBK
999 _c11588
_d11588